Statystyki dla Wpisz pasujące polskie miasto - wersja losowa

Kliknij tutaj aby rozwiązać quiz!

Ogólne statystyki

  • Ten quiz został rozwiązany 3 768 razy
  • Średni wynik to 5 z 13

Statystyki odpowiedzi

Wpisz pasujące miasto Polski...Miasto% Poprawnych
wchodzące w skład TrójmiastaGdańsk | Gdynia | Sopot
89%
będące stolicą województwa mazowieckiegoWarszawa
89%
będące stolicą województwa pomorskiegoGdańsk
86%
Stolica województwa zachodnio-pomorskiegoSzczecin
86%
które było stolicą PolskiGniezno | Kraków | Płock | Poznań | Warszawa | Lublin * | Łódź *
84%
Miasto, w którym urodził
się Mikołaj Kopernik
Toruń
84%
będące stolicą województwa opolskiegoOpole
83%
będące stolicą województwa dolnośląskiegoWrocław
83%
będące stolicą województwa lubuskiegoZielona Góra | Gorzów Wielkopolski
83%
będące stolicą województwa śląskiegoKatowice
82%
będące stolicą województwa wielkopolskiegoPoznań
81%
Największe nadmorskie miastoGdańsk
79%
będące stolicą województwa lubelskiegoLublin
79%
zaczynające się na literę ŻŻabno | Żagań | Żarki | Żarów | Żary | Żelechów | Żerków | Żmigród | Żnin | Żory | Żukowo | Żuromin | Żychlin | Żyrardów | Żywiec
79%
wojewódzkie, przez które przepływa WisłaGdańsk | Toruń | Warszawa | Kraków | Bydgoszcz
78%
będące stolicą województwa małopolskiegoKraków
78%
będące jej stolicąWarszawa
77%
będące stolicą województwa kujawsko-pomorskiegoBydgoszcz | Toruń
76%
Stolica Zakonu KrzyżackiegoMalbork
76%
ze słowem "Zdrój" w nazwieBusko-Zdrój | Trzcińsko-Zdrój | Świeradów-Zdrój | Szczawno-Zdrój | Rabka-Zdrój | Połczyn-Zdrój | Polanica-Zdrój | Piwniczna-Zdrój | Lądek-Zdrój | Kudowa-Zdrój | Krynica-Zdrój | Jedlina-Zdrój | Jastrzębie-Zdrój | Iwonicz-Zdrój | Duszniki-Zdrój
75%
zaczynające sie na "o", które ma więcej niż 100 000 mieszkańcówOlsztyn | Opole
75%
w którym odbywało się EURO 2012Warszawa | Poznań | Gdańsk | Wrocław
74%
będące Wolnym Miastem w latach 1920-1939Gdańsk
73%
Pierwsza historyczna stolicaGniezno
73%
w lipcu 1410 odbyła się tam wielka polska bitwaGrunwald
73%
będące stolicą województwa łódzkiegoŁódź
73%
w którym znajduje się profesjonalna skocznia narciarskaSzczyrk | Wisła | Zakopane
73%
leżące w TatrachZakopane
73%
będące na Półwyspie HelskimHel | Jastarnia | Władysławowo
71%
najbardziej ludne miasto, które zabrali nam Austriacy po III rozbiorach PolskiKraków
71%
będące stolicą województwa warmińsko-mazurskiegoOlsztyn
71%
Miasto, których kluby mają przynajmniej 10 mistrzostw Polski w piłce nożnej mężczyznPoznań | Zabrze | Chorzów | Warszawa | Kraków
71%
będące stolicą województwa podkarpackiegoRzeszów
66%
Największe nadmorskie miasto
nie będące miastem wojewódzkim
Gdynia
64%
Stolica województwa świętokrzyskiegoKielce
64%
w wojewódzkie podkarpackim w przedziale od 15 000 do 100 000 mieszkańcówPrzemyśl | Mielec | Stalowa Wola | Tarnobrzeg | Krosno | Dębica | Jarosław | Sanok | Jasło | Łańcut | Ropczyce | Nisko | Przeworsk
59%
z ludnością powyżej 400,000, które
za czasów II Rzeczpospolitej nie należało do Polski (ludność obecna)
Gdańsk | Szczecin | Wrocław
58%
jedyne miasto, które miało
dostęp do morza za czasów II Rzeczpospolitej
Gdynia
57%
Duże miasto, obok którego przecinają się autostrady A1 i A2Łódź
57%
jedno z trzech największych miast w województwie mazowieckim (bez Warszawy)Płock | Radom | Siedlce
57%
będące najdalej wysunięte na południeZakopane
55%
Zaczynające się na literę J, w województwie śląskim mające conajmniej 80tys mieszkańcówJastrzębie-Zdrój | Jaworzno
54%
z największą ilością licencji na taksówkeWarszawa
52%
w którym odbywało się mistrzostwa świata w piłce siatkowej mężczyzn w roku 2014Gdańsk | Sopot | Bydgoszcz | Łódź | Warszawa | Wrocław | Kraków
51%
będące miastem wojewódzkim posiadającym mniej niż 150 000 mieszkańcówGorzów Wielkopolski | Opole | Zielona Góra
51%
w którym znajduje się geometryczny środek PolskiPiątek
51%
którego drużyna siatkarska zdobyła medal w sezonie siatkarskiej PlusLigi w rozgrywkach 2019/20Kędzierzyn-Koźle | Warszawa | Bełchatów
50%
Mające przynajmniej 20tys ludności, graniczące z NiemcamiGryfino | Zgorzelec | Świnoujście
49%
Największe miasto na T w woj.
pomorskim
Tczew
49%
jedno z trzech największych miast w województwie lubelskim (bez Lublina)Zamość | Chełm | Biała Podlaska
49%
Mające przynajmniej 30tys ludności, graniczące z CzechamiCieszyn | Jastrzębie-Zdrój | Jelenia Góra
48%
które posiada najwięcej mostów w PolsceWrocław
48%
będące miastem w aglomeracji trójmiejskiej niezaliczanym do TrójmiastaTczew | Pruszcz Gdański | Kartuzy | Żukowo | Rumia | Reda | Wejherowo | Puck | Władysławowo | Jastarnia | Hel
47%
Najmniejsze miasto wojewódzkieGorzów Wielkopolski
46%
położone nad SanemLesko | Zagórz | Sanok | Dynów | Przemyśl | Radymno | Jarosław | Sieniawa | Leżajsk | Nowa Sarzyna | Rudnik nad Sanem | Nisko | Stalowa Wola
46%
Stolica województwa, która nie jest jego największym miastemGorzów Wielkopolski | Toruń
45%
powstałe z dwóch innych miast zaczynających się na tę samą literę (które ma w nazwie)Bielsko-Biała | Kędzierzyn-Koźle
43%
Mające przynajmniej 10tys ludności, graniczące z UkrainąPrzemyśl | Hrubieszów
42%
Miasto, w którym urodził się
Andrzej Duda
Kraków
41%
najmniej zaludnione, będące stolicą województwaGorzów Wielkopolski
39%
będące najdalej wysunięte na północWładysławowo
36%
Drugie najludniejsze miasto w woj.
łódzkim
Piotrków Trybunalski
35%
Największe miasto pod względem liczby ludności, których kluby nie mają ani jednego mistrza Polski w piłce nożnej mężczyznGdańsk
34%
Mające przynajmniej 10tys ludności, graniczące ze SłowacjąZakopane | Krynica-Zdrój
32%
o nazwie identycznej, co drugie najludniejsze miasto na SłowacjiKoszyce
29%
Miasto, w którym urodziła
się Maria Skłodowska-Curie
Warszawa
29%
z największą liczbą parkingów w systemie Parkuj i Jedź (Park & Ride)Wrocław
28%
z populacją większą niż 30,000 lężące w województwie lubuskim (nie uwzględniono stolic województwa)Nowa Sól | Żary
27%
z powierzchnią powyżej 30,000 ha, które pomiędzy I a II rozbiorze Polski nie nalezło do niejSzczecin | Kraków
26%
mające mniej niż 150 000 mieszkańców, w którym ponad 27,5% z nich ma wykształcenie wyższeSopot | Opole | Góra Kalwaria | Konstancin-Jeziorna | Piaseczno | Tarczyn
21%
Miejsce podpisania traktatu
pokojowego podczas potopu szwedzkiego
Oliwa
20%
mające powierzchnię większą niż 25 000 ha, ale mniejszą niż 30 000 haŁódź | Wrocław | Zielona Góra | Gdańsk | Poznań
19%
będące najdalej wysunięte na zachódCedynia
18%
Ostatnie miasto według liter
alfabetu
Żywiec
17%
około godziny 3 nad ranem 01.09.1939 armia niemiecka, ogłosiła, że to miasto zdobyli Polacy (jednak tak nie było, ponieważ nie mówili płynnie po polsku)Gliwice
16%
o najmniejszym bezrobociuKatowice
16%
Jedno z dwóch największych miast w województwie pomorskim, które nie jest siedzibą powiatuRumia | Reda
16%
Z gęstością zaludnienia wyższą niż
3,700 (osoby na km2)
Legionowo | Piastów | Świętochłowice
15%
będące najdalej wysunięte na wschódHrubieszów
14%
z największą liczbą wypadków drogowychŁódź
14%
Najstarsze miasto w PolsceZłotoryja
14%
Jedno z dwóch największych miast w województwie lubelskim, które nie jest siedzibą powiatuMiędzyrzec Podlaski | Dęblin
13%
zaludnione przez co najmniej 15 000 mieszkańców, przez które przejeżdża DK75Kraków | Bochnia | Brzesko | Nowy Sącz
12%
Miasto, w którym urodził się
Mateusz Morawiecki
Wrocław
12%
Mające przynajmniej 10tys ludności, graniczące z RosjąGołdap
11%
o liczbie przestępstw na 1000 mieszkańców większej niż 50Nowy Sącz | Szczecin | Kołobrzeg | Gościno | Legnica
11%
zaczynające się na literę, na którą zaczyna się najmniej miast w Polsce (ale jakieś się zaczyna)Ćmielów
10%
najbardziejludne miasto w województwie śląskim, które nie jest miastem na prawach powiatuTarnowskie Góry
9%
Najmniejsze miasto w Polsce
pod względem ludności
Opatowiec
8%
Miasto powyżej 70 000 mieszkańców, które nie jest miastem na prawach powiatuOstrów Wielkopolski | Lubin | Inowrocław | Piła
8%
Z gęstością zaludnienia niższą
niż 45 (osoby na km2)
Rajgród | Suraż | Kleszczele | Krynica Morska
8%
Najmniejsze miasto pod względem powierzchni, które
jest miastem na prawach powiatu
Świętochłowice
8%
które jest miastem od 2021 rokuKamieniec Ząbkowicki | Goraj | Kamionka | Sochocin | Solec nad Wisłą | Wiskitki | Dubiecko | Wodzisław | Budzyń | Koźminek
7%
Jedno z dwóch największych miast w województwie wielkopolskim, które nie jest siedzibą powiatuLuboń | Swarzędz
6%
Jedno z dwóch największych miast w województwie lubuskim, które nie jest siedzibą powiatuKostrzyn nad Odrą | Sulechów
5%
Jedno z dwóch największych miast w województwie podlaskim, które nie jest siedzibą powiatuŁapy | Wasilków
5%
o gęstości zaludnienia ponad 3 500 mieszkańców na km2Legionowo | Piastów | Świętochłowice | Swarzędz
5%
z największą liczbą mieszkańców w wieku poprodukcyjnymSopot
5%
których średni wiek mieszkańca wynosi więcej niż 46 latSopot | Polanica-Zdrój | Ciechocinek | Szczawno-Zdrój
5%
Najmniejsze miasto pod wzg. powierzchni w PolsceStawiszyn
5%
Pierwsze miasto według liter
alfabetu
Aleksandrów Kujawski
4%
leżące nad BobremLubawka | Kamienna Góra | Jelenia Góra | Wleń | Lwówek Śląski | Bolesławiec | Szprotawa | Małomice | Żagań | Nowogród Bobrzański
4%
Jedno z dwóch największych miast w województwie warmińsko-mazurskim, które nie jest siedzibą powiatuMorąg | Pasłęk
4%
Największe miasto pod względem powierzchni, które
nie jest miastem na prawach powiatu
Piła
4%
Najmniejsze miasto pod względem
powierzchni, które jest siedzibą powiatu
Sejny
4%
Najmniejsze miasto pod wzg.
ludności w woj. śląskim
Sośnicowice
4%
Jedno z dwóch największych miast w województwie kujawsko-pomorskim, które nie jest siedzibą powiatuSolec Kujawski | Chełmża
3%
z największym odsetkiem mieszkańców pracujących w sektorze rolniczym (rolnictwo, leśnictwo, łowiectwo i rybactwo)Kazimierza Wielka
2%
Jedno z dwóch największych miast w województwie zahchodniopomorskim, które nie jest siedzibą powiatuNowogard | Barlinek
2%
z największą liczbą mieszkańców w wieku produkcyjnymSieniawa
2%
Najmniejsze miasto pod wzg.
gęstości zaludnienia (osoby na km2) będące siedzibą powiatu
Świnoujście
2%
zaludnione przez co najmniej 15 000 mieszkańców, przez które przejeżdża DK45Wieluń | Kluczbork | Opole | Krapkowice | Racibórz
2%
najmniejludne miasto w województwie dolnośląskimWleń
2%
Mające przynajmniej 10tys ludności, graniczące z BiałorusiąWłodawa
2%
z największym odsetkiem mieszkańców pracujących w sektorze przemysłowym (przemysł i budownictwo)Chocianów
0%
z najstarszymi motockylamiChoszczno
0%
które jest miastem od 2022 rokuIzbica | Lutomiersk | Bolimów | Cegłów | Nowe Miasto | Pruszcz | Iwaniska
0%
których średnie wynagrodzenie brutto jest większe niż 7000złJastrzębie-Zdrój | Lubin | Ścinawa
0%
Z gęstością zaludnienia poniżej
80 w woj. podlaskim (osoby na km2)
Kleszczele | Suraż | Rajgród | Tykocin
0%
z największą ilością zgonów spowodowanych chorobami układu oddechowegoKoszyce
0%
o najmniejszej gęstości zaludnieniaKrynica Morska
0%
z największą liczbą rozwodów na 1000 mieszkańcówLeszno
0%
Miasto, które jest siedzibą największej gminy miejsko-wiejskiejPiaseczno
0%
z największą liczbą przestępstw o charakterze kryminalnym stwierdzonych na 1000 mieszkańcówPruszcz Gdański
0%
z największą liczbą mieszkańców w wieku przedprodukcyjnymRadzymin
0%
z największą liczbą małżeństw na 1000 mieszkańcówSieniawa
0%
z największą liczbą przestępstw drogowych (stwierdzonych na 1000 mieszkańców)Świdwin
0%
o bezrobociu większym niż 19%Szydłowiec | Braniewo | Frombork | Pieniężno | Dobra | Łobez | Resko | Węgorzyno
0%
których zmiana liczby ludności (2002-2019) jest mniejsza niż -30%Władysławowo | Jastarnia | Kazimierz Dolny
0%
z największą liczbą zgonów spowodowanych nowotworamiŻory
0%

Rozkład punktacji

Percentyl według liczby udzielonych odpowiedzi

Procent ludzi z każdym wynikiem

Twoja historia wyników

Nie rozwiązałeś tego quizu